|
|
|
|
| LEADER |
00000nam0a2200000 4500 |
| 001 |
334066 |
| 005 |
20231102004622.0 |
| 010 |
|
|
|a 9783126752435
|
| 035 |
|
|
|a (RuTPU)RU\TPU\book\360082
|
| 090 |
|
|
|a 334066
|
| 100 |
|
|
|a 20170707d2013 m y0rusy50 ca
|
| 101 |
0 |
|
|a ger
|
| 102 |
|
|
|a DE
|
| 105 |
|
|
|a a j 000zy
|
| 200 |
1 |
|
|a Bewerbungstraining. Kursmaterial deutsch als zweitsprache. Niveau A2-B1
|f N. Fugert, U. Richter
|
| 210 |
|
|
|a Stuttgart
|c Ernst Klett Sprachen
|d 2013
|
| 215 |
|
|
|a 96 p.
|c il.
|
| 606 |
1 |
|
|a Немецкий язык
|x Учебные руководства и пособия для вузов
|2 stltpush
|3 (RuTPU)RU\TPU\subj\45394
|9 64636
|
| 610 |
1 |
|
|a лексика
|
| 610 |
1 |
|
|a грамматика
|
| 610 |
1 |
|
|a грамматика
|
| 610 |
1 |
|
|a аутентичные материалы
|
| 610 |
1 |
|
|a упражнения
|
| 610 |
1 |
|
|a письменная речь
|
| 610 |
1 |
|
|a устная речь
|
| 686 |
|
|
|a Ш143.24-923
|v LBC/SL-A
|2 rubbk
|
| 700 |
|
1 |
|a Fugert
|b N.
|g Nadja
|
| 701 |
|
1 |
|a Richter
|b U.
|g Uirike
|
| 801 |
|
1 |
|a RU
|b 63413507
|c 20170707
|
| 801 |
|
2 |
|a RU
|b 63413507
|c 20221212
|g RCR
|
| 942 |
|
|
|c BK
|